Central Library OPAC University of Rajshahi

The translation of the meanings of Sahih AL-Bukhari : (Record no. 56756)

MARC details
000 -LEADER
fixed length control field 00944nam a2200301 a 4500
001 - CONTROL NUMBER
control field 56756
003 - CONTROL NUMBER IDENTIFIER
rucl marc code BD-RjUL
005 - DATE AND TIME OF LATEST TRANSACTION
control field 20211209080429.0
008 - FIXED-LENGTH DATA ELEMENTS--GENERAL INFORMATION
fixed length control field 161204s1987 ii ||||| |||| 00| 0 eng d
020 ## - INTERNATIONAL STANDARD BOOK NUMBER
International Standard Book Number 8171510132 (Set)
International Standard Book Number 8171510159 (v.2)
International Standard Book Number 8171510167 (v.3)
International Standard Book Number 8171510175 (v.4)
International Standard Book Number 8171510183 (v.5)
International Standard Book Number 8171510191(v.6)
035 ## - SYSTEM CONTROL NUMBER
System control number (BD-RjUL)56880
040 ## - CATALOGING SOURCE
Original cataloging agency BD-RjUL
Language of cataloging eng
Transcribing agency BD-RjUL
Modifying agency BD-RjUL
041 ## - LANGUAGE CODE
Language code of text/sound track or separate title eng
082 ## - DEWEY DECIMAL CLASSIFICATION NUMBER
Edition number 23
Classification number 297.12541
Author mark and year KHT 1987
100 1# - MAIN ENTRY--PERSONAL NAME
Personal name Khan, Muhammad Muhsin
9 (RLIN) 168779
245 14 - TITLE STATEMENT
Title The translation of the meanings of Sahih AL-Bukhari :
Remainder of title Arabic-English /
Statement of responsibility, etc. Muhammad Muhsin Khan
250 ## - EDITION STATEMENT
Edition statement rev. ed.
260 ## - PUBLICATION, DISTRIBUTION, ETC. (IMPRINT)
Place of publication, distribution, etc. New Delhi :
Name of publisher, distributor, etc. Kitab Bhavan,
Date of publication, distribution, etc. ©1984 [Reprinted 1987]
300 ## - PHYSICAL DESCRIPTION
Pagination V. ;
Size 26 cm
505 0# - FORMATTED CONTENTS NOTE
Formatted contents note Vol.1 -- v. 2 -- v. 3 -- v. 4 -- v. -- v. 5 -- v. 6 -- v. 7 -- v. 8 -- v. 9 --
650 ## - SUBJECT ADDED ENTRY--TOPICAL TERM
Topical term or geographic name as entry element Hadith
9 (RLIN) 168780
942 ## - ADDED ENTRY ELEMENTS (KOHA)
Source of classification or shelving scheme Dewey Decimal Classification
Koha item type Books
Holdings
Lost status Source of classification or shelving scheme Damaged status Not for loan Collection code Permanent Location Current Location Shelving location Date acquired Source of acquisition Cost, normal purchase price Total Checkouts Full call number Date last seen Copy number Koha item type
  Dewey Decimal Classification   Not For Loan Non-fiction Central Library, University of Rajshahi Central Library, University of Rajshahi Reading Room 05/04/2006 Dhaka,Paragon Enterprise Lit., 1800.00   297.12541 KHT V-2 1987 04/12/2016 C-1 Books
  Dewey Decimal Classification   Not For Loan Non-fiction Central Library, University of Rajshahi Central Library, University of Rajshahi Reading Room 05/04/2006 Dhaka,Paragon Enterprise Lit., 1800.00   297.12541 KHT V-3 1987 04/12/2016 C-1 Books
  Dewey Decimal Classification   Not For Loan Non-fiction Central Library, University of Rajshahi Central Library, University of Rajshahi Reading Room 05/04/2006 Dhaka,Paragon Enterprise Lit., 1800.00   297.12541 KHT V-4 1987 04/12/2016 C-1 Books
  Dewey Decimal Classification   Not For Loan Non-fiction Central Library, University of Rajshahi Central Library, University of Rajshahi Reading Room 05/04/2006 Dhaka,Paragon Enterprise Lit., 1800.00   297.12541 KHT V-5 1987 04/12/2016 C-1 Books
  Dewey Decimal Classification   Not For Loan Non-fiction Central Library, University of Rajshahi Central Library, University of Rajshahi Reading Room 05/04/2006 Dhaka,Paragon Enterprise Lit., 1800.00   297.12541 KHT V-6 1987 04/12/2016 C-1 Books
  Dewey Decimal Classification   Not For Loan Non-fiction Central Library, University of Rajshahi Central Library, University of Rajshahi Reading Room 05/04/2006 Dhaka,Paragon Enterprise Lit., 1800.00   297.12541 KHT V-7 1987 04/12/2016 C-1 Books
  Dewey Decimal Classification   Not For Loan Non-fiction Central Library, University of Rajshahi Central Library, University of Rajshahi Reading Room 05/04/2006 Dhaka,Paragon Enterprise Lit., 1800.00   297.12541 KHT V-8 1987 04/12/2016 C-1 Books
  Dewey Decimal Classification   Not For Loan Non-fiction Central Library, University of Rajshahi Central Library, University of Rajshahi Reading Room 05/04/2006 Dhaka,Paragon Enterprise Lit., 1800.00   297.12541 KHT V-9 1987 06/12/2016 C-1 Books
  Dewey Decimal Classification   Not For Loan Non-fiction Central Library, University of Rajshahi Central Library, University of Rajshahi Reading Room 05/04/2006 Dhaka,Paragon Enterprise Lit., 1800.00   297.12541 KHT V-1 1987 06/12/2016 C-1 Books